000 01064nam a2200313 i 4500
003 IT-RoINE
005 20190409063915.0
008 131203s2013 it a||||r |||1 ||ita d
020 _a9788806203948
040 _cIT-RoINE
_dIT-RoINE
041 7 _aita
_2ISO-639-2
_heng
100 1 _aGinsborg, Paul,
_d1945-
_952735
240 _aFamily politics.
_lItaliano
245 1 0 _aFamiglia Novecento :
_bvita familiare, rivoluzione e dittature, 1900-1950 /
_cPaul Ginsborg.
260 _aTorino :
_bEinaudi,
_c2013.
300 _aXXVIII, 678 p., [8] p. de lám.
_bil. ;
_c24 cm.
336 _2rdacontent
_atext
337 _2rdamedia
_aunmediated
338 _2rdacarrier
_avolume
490 1 _aEinaudi storia ;
_v51
500 _aTraducción de: Family politics, por Emilia Benghi.
500 _aIncluye índice.
504 _aBibliografía en notas.
650 _aFamilia
_zEuropa
_xHistoria
_y1900-1950
_958643
650 4 _aHistoria social
_zEuropa
_y1900-1950
_958644
700 1 _aBenghi, Emilia
_958645
830 0 _aEinaudi storia ;
_v51
_935450
942 _cMTS
999 _c29940
_d29940